000 00352nam a2200145 a 4500
005 20140414131921.0
008 101022s19uu xx 00 eng d
050 _aER
_bSn6 1996
100 _aHirata, Shogo
245 _aThe snow queen.
260 _c2006.
440 _a Illustrated fantasy books for children
999 _c111748
_d111748